Service outsourcing, pricing, and the engagement of citizen groups (Record no. 521906)

000 -LEADER
fixed length control field 01540nam a22001577a 4500
008 - FIXED-LENGTH DATA ELEMENTS--GENERAL INFORMATION
fixed length control field 230302b ||||| |||| 00| 0 eng d
100 ## - MAIN ENTRY--PERSONAL NAME
Personal name Hodgkinson, Ian R.
245 ## - TITLE STATEMENT
Title Service outsourcing, pricing, and the engagement of citizen groups
260 ## - PUBLICATION, DISTRIBUTION, ETC. (IMPRINT)
Place of publication, distribution, etc Local Government Studies
300 ## - PHYSICAL DESCRIPTION
Extent 48(3), Jun, 2022: p.514-533
520 ## - SUMMARY, ETC.
Summary, etc To shed new light on the contested impact of service outsourcing, the study examines whether service outsourcing is associated with higher cost of entry and if higher pricing impacts service engagement among citizen groups. To this end, the study draws on secondary objective data to capture different ownership types in local authorities community sport provision (public, non-profit, private), the cost of access (£) to use community sport facilities, and the level of service engagement with the service among different citizen groups. The exploratory model draws on analysis of variance with a post-hoc test to examine if significant differences exist between ownership types on pricing and engagement. The empirical observations reveal that service outsourcing is associated with significantly higher pricing relative to traditional local government provision, but no significant differences are found in the levels of engagement among citizen groups between the three ownership types. – Reproduced
650 ## - SUBJECT ADDED ENTRY--TOPICAL TERM
Topical term or geographic name as entry element Pricing, Citizen groups, Outsourcing, Stakeholders, Ownership, Community sport.
9 (RLIN) 36282
773 ## - HOST ITEM ENTRY
Main entry heading Local Government Studies
906 ## - LOCAL DATA ELEMENT F, LDF (RLIN)
Subject DIP LOCAL GOVERNMENT
942 ## - ADDED ENTRY ELEMENTS (KOHA)
Item type Articles
Holdings
Withdrawn status Lost status Source of classification or shelving scheme Damaged status Not for loan Permanent location Current location Date acquired Serial Enumeration / chronology Barcode Date last seen Koha item type
          Indian Institute of Public Administration Indian Institute of Public Administration 2023-03-02 48(3), Jun, 2022: p.514-533 AR128171 2023-03-02 Articles

Powered by Koha